Science Quiz

Random Science or Math Quiz
Score 0/20 Timer 02:00
3 Plays Today
Problem Solution % Correct
d/dx [ sin(x) ]cos(x)
90.1%
d/dx [ -cos(x) ]sin(x)
89.7%
d/dx [ 3x ]3
88.5%
d/dx [ 9x + 4 ]9
88.1%
d/dx [ 7x + 1 ]7
88.1%
d/dx [ ex ] at x = 1e
80.9%
d/dx [ x5 ] at x = 15
80%
d2/dx2 [ 2x ]0
77.6%
d2/dx2 [ 2x2 ]4
74.7%
d3/dx3 [ 1 ]0
74.4%
Problem Solution % Correct
d2/dx2 [ x3 ]6x
73.3%
d/dx [ e2x ] at x = 02
71.8%
d3/dx3 [ x4 ]24x
65.9%
d/dx [ 5x2 + 4 ]10x
62%
d/dx [ 7x2 + 72 ]14x
59.9%
d3/dx3 [ 2x3 + 7x ]12
58.8%
√ ( d/dx [ tan(x) ] )sec(x)
52%
d/dx [ 3x3 ] at x = 236
48.9%
d/dx [ x4 ] at x = 232
43.4%
d/dx [ ln|x| ]1|x
37.6%
Come Together.
Have Fun.
All Virtual.
We all need to come together. Play Sporcle's virtual live trivia to have fun, connect with people, and get your trivia on. Join a live hosted trivia game for your favorite pub trivia experience done virtually. If a virtual private party is more your thing, go here for details.

You're not logged in!

Compare scores with friends on all Sporcle quizzes.
OR
Log In

Sporcle TV

Today on Sporcle TV


Watch our educational content, quiz creation guides, and fun videos on Sporcle TV.

Show Comments

Extras

Top Quizzes Today


Score Distribution

Paid Content

Your Account Isn't Verified!

In order to create a playlist on Sporcle, you need to verify the email address you used during registration. Go to your Sporcle Settings to finish the process.

Report this User

Report this user for behavior that violates our Community Guidelines.

Details: